000 00898nam a2200265Ia 4500
001 Para_8596
003 CHAP
008 220125s9999 xx 000 0 und d
010 _a207407
040 _cCHAP
082 _aPA-C 595.752 A6
100 _aKnowlton, George F.
_963559
245 _aA few western aphids with description of three new species /
_c by George F. Knowlton
300 _a10 p.
440 _aAphidae; 24
_9174003
500 _aSobretiro de: Annals Entomological Society of America 21: 259-268, 1928. Encuadernado con otros impresos similares
650 _a
_x Afididos
_x Colecciones de escritos
_x Afididos
_x Anatomía y Fisiología
_x Afididos
_x Identificación
_9174008
901 _aPA-C 595.752 A6
902 _aA
905 _a000000 a 0000000000 00
910 _a
942 _cPARA
942 _cPARA
_d1
999 _c207407
_d207407